| 000 | 00911nam a22002297a 4500 | ||
|---|---|---|---|
| 999 |
_c7517 _d7517 |
||
| 003 | AR-CdUCM | ||
| 008 | 190320b ||||| |||| 00| 0 spa d | ||
| 020 | _a0-07-028331-1 | ||
| 040 |
_aMUNICIPALIDAD PROVINCIAL DEL CUSCO _cBIBLIOTECA MUNICIPAL DEL CUSCO |
||
| 041 | _heng | ||
| 082 |
_a658.3 / _bF85 |
||
| 100 |
_aFruehling, Rosemary T. _921222 |
||
| 245 |
_aRelaciones humanas : _bun enfoque moderno / |
||
| 260 |
_aMéxico, D. F : _bMcGraw-Hill, _c1993. |
||
| 300 |
_a141 páginas ; _bIlustraciones, _c27 cm. |
||
| 500 | _aTitulo original: Working at humn relations. | ||
| 505 | _aNecesidades de las relaciones humanas -- La comunicación en las buenas relaciones humanas -- Las relaciones humanas y las satisfacciones de una carrera -- Las relaciones humanas en una sociedad plural ... | ||
| 650 |
_aRelaciones humanas _99912 |
||
| 700 |
_aHerr, Edwin L. _921223 |
||
| 942 |
_2ddc _cLIBROS |
||
| 945 | _aacv | ||